Регионална библиотека "Любен Каравелов" - Русе

Коментар на общите наредби и условия, които се налагат на предприемачите по постройки на мостове и шосета (Запис номер 124879)

MARC детайли
000 -Лидер
Контролно поле с фиксирана дължина nam a22 a 4500
003 - Код на организацията, давaща контролен номер
Контролно поле BLK
005 - Дата и час на последна редакция
Контролно поле 20201013094237.0
008 - Елементи от данни с фиксирана дължина
fixed length control field 180409b bul|||||r ||||||| ||bul||
010 ## - Наследен системен номер
LC control number KNG00130548000
040 ## - Източник на каталожния запис
Идентификатор на билиотеката - собственик на записа BLK
041 ## - Код за език
Код за езика на текст/звукозапис или на отделно заглавие Български
Код за езика КДБФ Български
072 #7 - Код за тематичната категория
Код организация bullib
Код за тематична категория Ц
Текст Редки и ценни
080 ## - УДК
Текстов определител УДК Строително право
УДК код - определител по УДК 349.442
УДК определител :624/628(44)
УДК - код + определител 349.442:624/628(44)
080 ## - УДК
Текстов определител УДК Мостове. Строителство на мостове
УДК код - определител по УДК 624.2/.8
УДК определител (44)
УДК - код + определител 624.2/.8(44)
080 ## - УДК
УДК код - определител по УДК 625.7/.8
УДК определител (44)
УДК - код + определител 625.7/.8(44)
139 ## - Редно поле
Редна дума Бари, Шарл
Авторски знак Бар - Б 26
245 10 - Сведения за заглавието
Заглавие Коментар на общите наредби и условия, които се налагат на предприемачите по постройки на мостове и шосета
Подзаглавни данни Условия от 16 ноем. 1866
Редно поле (дума) написал Шарл Барри; прев. А. Карапиров; * Шарл Бари.
257 ## - Страна на издаване
Страна на създаване/издаване Франция
260 ## - Област на издателските данни
Година на издаване 1895
Печатница София : Придворна печ. Бр. Прошекови
Място на издаване, разпространение и проч. София
300 ## - Физическа характеристика
Страници ХХI, 307, 16 с.
Размери/Мащаб 21 см
380 ## - Жанр
Жанр Обществени науки
490 ## - СЕРИИ (Колекции)
9 (RLIN) 435080
Име на серия Колекция Редки и ценни издания
500 ## - Общи забележки
Забележка Съдържа и Прибавка към Коментара на общите наредби и условия, които се налагат на предприемачите по постройки на мостове и шосета : Условия от 16 ноем. 1866 г. - с. 213-307 ; Общи наредби и условия, които се налагат на предприемачите по постройки на мостове и шосета. - с. 1-16.
650 #4 - Допълнително описание по предмет – тема
Основно описание – тема или топоним Право, строително
9 (RLIN) 319053
650 #4 - Допълнително описание по предмет – тема
Основно описание – тема или топоним Мостове - строителство
9 (RLIN) 289459
650 #4 - Допълнително описание по предмет – тема
Основно описание – тема или топоним Пътища - строителство
9 (RLIN) 316651
651 #4 - Допълнително описание по предмет - топоним
Географско понятие Франция
9 (RLIN) 179722
653 ## - Ключова дума – ненормативна
Ключова дума строително право
653 ## - Ключова дума – ненормативна
Ключова дума шосета
653 ## - Ключова дума – ненормативна
Ключова дума мостове
653 ## - Ключова дума – ненормативна
Ключова дума пътища
659 ## - Тематичен бюлетин
Тематичен бюлетин Ц
700 1# - Други автори (авторска отговорност)
Лично име Барри, Шарл
Автороска отговорност (Описва отношението между автора и произведението) написал
9 (RLIN) 36781
700 1# - Други автори (авторска отговорност)
Лично име Карапиров, А.
Автороска отговорност (Описва отношението между автора и произведението) прев.
9 (RLIN) 76874
700 1# - Други автори (авторска отговорност)
Лично име Бари, Шарл
Автороска отговорност (Описва отношението между автора и произведението) *
9 (RLIN) 319052
852 ## - Местоположение
Форматна сигнатура Рб 895
Фондова буква Редки и ценни
856 4# - Електронен адрес и достъп
Електронен формат pdf - файл
856 4# - Електронен адрес и достъп
Електронен формат pdf - файл
999 ## - СИСТЕМНИ КОНТРОЛНИ НОМЕРА
Koha biblionumber 124879
Koha biblioitemnumber 124879
942 ## - АРТИКУЛИ
Вид на библиотечния материал Книги
Скрит в OPAC Не
Периодичен библиозапис Да
944 ## - СЪЗДАВАНЕ И РЕДАКЦИЯ на ЗАПИСА
Създаване/Редакция Създаване
Дата на регистрацията/редакция 15.05.2012
Статус, дата на статуса ф / 15.05.2012
Служител, извършил регистрацията/редакцията Людмила_Стоянова
944 ## - СЪЗДАВАНЕ И РЕДАКЦИЯ на ЗАПИСА
Създаване/Редакция Редакция
Дата на регистрацията/редакция 20.11.2013
Статус, дата на статуса ф / 15.05.2012
999 ## - СИСТЕМНИ КОНТРОЛНИ НОМЕРА
Koha biblioitemnumber 124879
Наличности
Код за отписване Код за изгубен артикул Източник на класификационната схема Код за повреда Коз за рестрикции Код за отдаване Артикулен № Име на библиотеката - собственик Име на библиотеката, в която се намира в момента Статус (Текущо местоположение) Дата на вписване в системата Местоположение - отдел Цена в лева Инвентарен номер Систематично азбучна сигнатура Баркод Номер на екземпляра Цена в евро Служебна бележка Служебен тип на артикула
  Не е изгубен Universal Decimal Classification Не е повреден само за читалня Специални фондове ( старопечатни, редки и ценни, фонд М. Арнаудов) 202753 Регионална библиотека "Любен Каравелов" Русе Регионална библиотека "Любен Каравелов" Русе Редки и ценни 1895-01-01 Редки и ценни 0.48 25943 Рб 895 900000021128 1 0.25 N: стар фонд Дата: 01.01.1895 Дата инв: 15.12.2016 Бележки инв: Рц2016 Книги
Vip Innovations Ltd, Rousse, Bulgaria 2025